| 000 | 00564nam a2200193 a 4500 | ||
|---|---|---|---|
| 001 | 24162 | ||
| 003 | CO-ViMGA | ||
| 008 | 141112s2004 ck r 000 u spa d | ||
| 020 | _a95897810178 | ||
| 040 |
_aCO-ViMGA _bspa _cCO-ViMGA |
||
| 082 | _a507 J177c9 | ||
| 100 | 1 |
_aJaramillo Mora, Helena _94411 |
|
| 245 | 1 | 0 |
_aCiencia experimental 9 : _bBiologia, Quimica y Fisica / _cHelena Jaramillo Mora |
| 260 |
_aColombia : _bEducar |
||
| 300 | _a168p. | ||
| 650 | 1 | 4 |
_aCIENCIA - ENSEÑANAZA SECUNDARIA _94412 |
| 650 | 1 | 4 |
_aCIENCIAS NATURALES _94413 |
| 942 |
_2ddc _cBK |
||
| 999 |
_c10284 _d10284 |
||